Quizzes
Events
Quiz Creation
Community
Videos
Private Events
Remove Ads
Sign In
Join for FREE
Feedback
Dark Mode
Quiz Categories
Sports
Geography
Music
Movies
Television
Just For Fun
Miscellaneous
History
Literature
Language
Science
Gaming
Entertainment
Religion
Holiday
For Kids
Quiz Lab
Recent
Popular Today
Quiz Kudos Today
Editor Picks
Curator Picks
Quizzes by...
Day
Popularity
Type
Ratings
Length
Year
Community
Subscriptions
Recent Discussions
Orange Saloon
Badges
Playlists
Quests
Create
Leaderboards
Showdown
Live 5
Trivia Bingo
Activity
Puzzle Library
Sporcle Events
Private Events
Virtual Trivia
Globe League
Become a Host
Pub Owners
SporcleCon
Opinionation
Our Games
Videos
Blog
Mobile Apps
Partnerships
Remove Ads and Go Orange
Feedback
Miscellaneous
Crossword
General Knowledge
Baby Names
Logo
Food
Cars
Numbers
Grab Bag
University
College
Popular
Company
Slogans
Restaurants
Justice
Letter
Miscellaneous
Crossword
General Knowledge
Baby Names
Logo
Food
Cars
Numbers
Grab Bag
University
College
Popular
Company
Slogans
Restaurants
Justice
Letter
Random Quiz
Search Sporcle
×
Quiz Lab
Quiz Lab
Miscellaneous
United States
Type in answers that appear in a list
Type in answers that appear in a list
Classic
Best Score? Go Orange.
Top Girls Names Alabama Stats
Can you name the Top Girls Names in Alabama, USA in 2009?
By
YellowStapler
12m
100 Questions
224 Plays
224 Plays
224 Plays
Comments
Comments
Give Quiz Kudos
Give Quiz Kudos
-
- Ratings
hide this ad
Replay
Link that replays current quiz
Next Quiz
Link to next quiz in quiz playlist
You Got
0%
They Got
Avg Score
40%
Avg Friend Score
Upgrade to see
Score Distribution
Jump to the score distribution portion of the page
Score
0/100
Timer
12:00
0
Plays Today
Rank
Name
% Correct
10
Mary
84.8%
6
Elizabeth
80.8%
3
Emily
76.3%
44
Sara
75.9%
4
Anna
75.4%
11
Sarah
73.7%
95
Jessica
71.4%
5
Hannah
69.2%
2
Emma
68.8%
90
Catherine
67.9%
18
Lauren
67%
73
Katherine
67%
1
Madison
66.1%
37
Ashley
66.1%
58
Laura
63.8%
43
Rachel
62.5%
56
Katie
61.2%
8
Olivia
60.3%
54
Grace
60.3%
15
Isabella
57.1%
79
Julia
56.7%
7
Abigail
56.3%
17
Ava
56.3%
72
Rebecca
56.3%
27
Samantha
55.4%
33
Victoria
54.5%
51
Allison
53.6%
35
Kayla
51.3%
13
Ella
50.4%
62
Caroline
50.4%
39
Natalie
49.6%
46
Lily
49.6%
85
Alexandra
49.6%
12
Chloe
47.3%
Rank
Name
% Correct
71
Amber
47.3%
64
Kathryn
46.9%
25
Brianna
46.4%
61
Sophia
46%
65
Madeline
46%
14
Alyssa
45.5%
16
Haley
45.5%
28
Kaitlyn
43.8%
100
Jenna
43.3%
30
Katelyn
42.9%
59
Mia
42%
23
Gabrielle
41.5%
75
Gabriella
41.5%
78
Molly
41.5%
49
Claire
40.6%
32
Zoe
40.2%
9
Savannah
39.3%
50
Amelia
39.3%
31
Lillian
38.8%
45
Hailey
38.8%
34
Mackenzie
37.5%
38
Kaylee
37.1%
24
Jasmine
36.2%
20
Destiny
35.7%
48
Audrey
33.9%
87
Lindsey
33.9%
21
Gracie
33.5%
22
Makayla
32.1%
47
Kylie
32.1%
40
Breanna
31.3%
69
Marissa
30.4%
26
Sydney
28.6%
53
Madelyn
28.6%
60
Alexandria
28.6%
Rank
Name
% Correct
29
Trinity
27.7%
66
Maggie
26.8%
70
Zoey
26.8%
19
Jada
26.3%
91
Autumn
26.3%
57
Mariah
25.4%
36
Ashlyn
25%
76
Summer
24.6%
81
Daniella
24.6%
41
Mya
21.9%
98
Alexia
21.4%
94
Layla
21%
42
Aaliyah
20.5%
77
Sadie
19.6%
82
Mikayla
19.6%
63
Allie
19.2%
68
Kylee
18.3%
74
Makenna
17.4%
96
Cheyenne
17.4%
52
Makenzie
16.5%
84
Kayleigh
15.6%
83
Lydia
13.8%
97
Ashlynn
13.8%
93
Alana
13.4%
92
Brooklynn
12.9%
67
Mallory
12.5%
89
Serenity
12.1%
55
Jayla
11.6%
99
Kyla
10.3%
80
Amaya
9.8%
86
Laney
9.8%
88
Aniya
7.1%
Quiz Playlist
Details
Report
Send in Message
Add To Playlist
Classic:
Type in answers that appear in a list
Quiz Source
Last Updated: Feb 16, 2017
Quiz Scoreboard
CHALLENGE
Sign Up to Join the Scoreboard
Show All
Scores
Hide
Comments
May contain spoilers
Recently Published
Street Fighter Characters
by Artimus82
Gaming
60s
9x9 Crossword: Cartoon Network
by jackfrog10
Miscellaneous
3m
College Basketball Coaching Resumes
by pancakes188
Sports
9m
More to Explore
Quiz From the Vault
Featured Blog Post
Where Did the Easter Bunny Come From?
hide this ad
You Might Also Like...
Tags
United States Quiz
2009
Alabama
girl
Top Girls
Today's Top Quizzes in Miscellaneous
Browse Miscellaneous
hide this ad
Today's Top Quizzes in United States
Browse United States
Top Contributed Quizzes in Miscellaneous
1
5-to-1: Fast Food
2
The JOE quick-fire general knowledge quiz: Day 174
3
The JOE quick-fire general knowledge quiz: Day 173
4
5-to-1: Cocktails
5
The JOE quick-fire general knowledge quiz: Day 172
6
Sunday Crossword: Famous Bodies of Water
7
9x9 Crossword: Disney Movie Titles
8
The JOE quick-fire general knowledge quiz: Day 171
9
Named After an Animal - Odd One Out!
10
One Thing in Common: United Kingdom II
Explore More
Trending Topics
NBA
Anime
Marvel
Harry Potter
Crossword
Kpop
Disney
WWE
Pokémon
Soccer
Country
Song
NFL
The Office
Puzzle
hide this ad
More By:
YellowStapler
Quiz
Plays
Rating
Category
Featured
Created
Guess the StarKid Lyrics
8,461
4.76
Music
Jun 1, 2011
Guess the StarKid Lyrics 2
4,969
4.76
Music
Jun 11, 2011
Beauty and the Beast Prologue
3,739
4.70
Movies
Sep 19, 2010
Figure out the Disney Song Lyrics
3,668
4.00
Music
Oct 18, 2010
Guess the StarKid Lyrics 3
1,680
5.00
Music
Jun 11, 2011
Go to Creator's Profile
Score Distribution
Quiz Creator Spotlight
YellowStapler
Follow
Send a Message
Quizzes Created
-
Created Quiz Play Count
-
More By This Creator
Popular Quizzes Today
1
Find the US States - No Outlines Minefield
2
Find the Countries of Europe - No Outlines Minefield
3
The Countries of the World
4
Find the US States
5
Risky Map Clicking: Biggest States A-Z
6
US States
7
Popular People in 1961
8
Movies - When Are They Set?
More Miscellaneous Quizzes
Find 4 Sports Utility Vehicles
Quiz Lab
Trending Quizzes
Risky Map Clicking: Least Populous States A-Z
1-10 Letter G Words
Risky Map Clicking: Next State Alphabetically
Adjectives in 80s TV Shows
The Seven Year Switch: Catherine
Recently Updated
Leaping Animals
pecheneg
Reality TV Shows (A-Z)
bhenderson79
Rickey Henderson's Hall of Fame Teammates
pecheneg
Champions League XIs: Arsenal
pecheneg
Quick Pick: Celebrities in WWE's Hall of Fame
aduchscher
A-Z Keypad Blitz II
pecheneg
Multiple Oscar Actors
pecheneg
Mystery Phrase Blitz: Oscar 'Best Actors'
pecheneg
F. Scott Fitzgerald Novels
LTH
Pick 3 Villains
ddd62291
Trending Topics
Marvel
Disney
Anime
NBA
Harry Potter
Kpop
Crossword
Song
Puzzle
The Office
Pokémon
NFL
Country
Soccer
WWE
Your Account Isn't Verified!
In order to create a playlist on Sporcle, you need to verify the email address you used during registration. Go to your
Sporcle Settings
to finish the process.
Report this User
Report this user for behavior that violates our
Community Guidelines
.
Details:
Send Report
Go to the Sporcle.com Mobile Site →
Comments